000 00726nam a2200181Ia 4500
008 151202s9999||||xx |||||||||||||| ||und||
082 _bPNVM-68981
100 _aबिली अर्जनसिंग अनु- भावे विश्वास.
245 _aटायगर हेवन.
260 _bआरती प्रकाशन डोंबवली.
260 _c68981
300 _a199
600 _aबिली अर्जनसिंग अनु- भावे विश्वास.
630 _aटायगर हेवन.
700 _aबिली अर्जनसिंग अनु- भावे विश्वास.
730 _aटायगर हेवन.
942 _cBOOK
999 _c1335491
_d1335488